000 03057ngm a2200481 4500
003 dpl
005 2008111703003.0
007 DVD
008 ||||||sp199 xxu|||||c ||| 00| 0 ng d
010 _aDVD-001111-1112, DVD-001642 & DVD-004349-4353
024 _aSHE DVD 387
_c169.00 Revised Price 99.00
035 _aDVD-001111-1112 DVD-001642
035 _aDVD-004349-4353
040 _aDPL
_cDPL
082 _aDVD / AITR
245 _aAitraaz
_cMukta Arts Limited Presents
_h[videorecording] DVD/
260 _bShemaroo Video Pvt. Ltd.
300 _a1 videodisc DVD; (161 min.) :
_bsd., col. ;
_c4 3/4 in.
_fDVD
440 _aShemaroo Home Entertainment
500 _aSpecial Features: Making of Film, Specially Created Photo Gallary
500 _aDigitally Re-Mastered From the Original Film
500 _aFilmfare & GIFA Award Winner
500 _aPrinka Chopra : Best Actor in a Villainous Role
538 _aDolby Digital 5.1 - Hindi Subtitles: English, Tamil & Telugu
538 _aAnamorphic Widescreen Format Presented in 2:35:1 Aspect Ratio enhaced for 16:9 Widaescrene TVS
650 _aMotion Picture
700 _aAbbas Mustan
700 _aReshammiya, Himesh
700 _aAkshay Kumar
700 _aChopra, Prianka
700 _aKapoor, Karina
942 _cCF
_2ddc
_hDVD
_mAITR
999 _c18531
_d18531